Hauptstädte der Länder die an Russland grenzen - Statistiken

Allgemein
  • Dieses Quiz wurde 80 mal gespielt
  • Das Durchschnittsergebnis liegt bei 11 aus 14
Antwortstatistiken
Hauptstädte % Korrekt
Kiew
93%
Peking
91%
Helsinki
90%
Tallinn
90%
Riga
87%
Minsk
86%
Vilnius
84%
Ulaanbaatar
80%
Warschau
77%
Pjöngjang
76%
Baku
74%
Oslo
73%
Tiflis
73%
Astana
70%
Keine übereinstimmenden Quizze gefunden
Verteilung der Resultate
Anzahl Personen mit jedem Resultat
Perzentil nach korrekt beantworteten Fragen
Ihre Resultats-Entwicklung
Sie haben dieses Quiz noch nicht gespielt